Manushyakulam: prathyasanirbharamaya charithram(മനുഷ്യകുലം: പ്രത്യാശാനിർഭരമായ ചരിത്രം) (Record no. 116153)

MARC details
000 -LEADER
fixed length control field 00364 a2200097 4500
020 ## - INTERNATIONAL STANDARD BOOK NUMBER
International Standard Book Number 9789390924813
100 ## - MAIN ENTRY--PERSONAL NAME
Personal name Rutger Bregman
245 ## - TITLE STATEMENT
Title Manushyakulam: prathyasanirbharamaya charithram(മനുഷ്യകുലം: പ്രത്യാശാനിർഭരമായ ചരിത്രം)
260 ## - PUBLICATION, DISTRIBUTION, ETC. (IMPRINT)
Name of publisher, distributor, etc Manjul publishing house pvt. ltd.
Date of publication, distribution, etc 2022
942 ## - ADDED ENTRY ELEMENTS (KOHA)
Koha item type On order/under processing
Holdings
Withdrawn status Lost status Damaged status Not for loan Home library Current library Date acquired Source of acquisition Cost, normal purchase price Total Checkouts Barcode Date last seen Cost, replacement price Price effective from Koha item type
        University Library University Library 19/03/2026 269 399.35   00098228 19/03/2026 599.00 19/03/2026 On order/under processing
University Library, CUSAT